000 01939nam0a2200397 4500
001 RU\NLR\BIBL_A\012376780
005 20201112155055.0
010 _a978-5-89747-062-4
_91000
021 _aRU
_bКН-П-20-038014
_9КН-П-20-2880
035 _a(NLR Aleph) 012376780
035 _a(RuMoRGB)010369740
090 _a11603688
_c11603688
100 _a20201013d2020 u y0rusy50 ca
101 0 _arus
102 _aRU
105 _aach z 010zy
181 0 _ai
_baxxe
182 0 _an
200 1 _aКак жил, работал и воспитывал детей И. В. Сталин
_eсвидетельства очевидца
_fАртём Сергеев, Екатерина Глушик
203 _aТекст
_bвизуальный
_cнепосредственный
205 _aИзд. 3-е, доп.
210 _aМосква
_cКрымский мост-9Д
_cФорум
_d2020
215 _a271 с., [16] л. ил., портр., факс.
_d21
225 1 _aСталин
_eпервоисточники
300 _aНа 4-й с. обл. 1-й авт.: А. Ф. Сергеев, ген.-майор артиллерии в отставке
300 _aПосвящается 75-летию Победы Советского Союза в Великой Отечественной войне
600 1 _aСталин
_bИ. В.
_f1879 - 1953
_gИосиф Виссарионович
_91004150
_3RU\NLR\AUTH\6663550
686 1 _aТ3(2)7-8
700 1 _7ca
_8rus
_aСергеев
_bА. Ф.
_cавтор воспоминаний
_f1921-
_gАртем Федорович
_966027
_3RU\NLR\AUTH\7783099
701 1 _aГлушик
_bЕ. Ф.
_gЕкатерина Фёдоровна
702 1 _4280
_7ca
_8rus
_aСталин
_bИ. В.
_f1879-1953
_gИосиф Виссарионович
_9113460
_3RU\NLR\AUTH\773464
942 _cBOOK
980 _aNBR
980 _aNB